[Event "Sanjin Hotel Cup 2nd"]
[Site "Tiayuan"]
[Date "2005.07.14"]
[Round "6"]
[White "Ni, Hua"]
[Black "Zhao, Xue"]
[Result "1-0"]
[WhiteElo "2629"]
[BlackElo "2470"]
[Annotator "Postny,E"]
[PlyCount "65"]
[EventDate "2005.07.09"]
[EventType "tourn"]
[EventRounds "11"]
[EventCountry "CHN"]
[EventCategory "15"]
[SourceTitle "CBM 108"]
[Source "ChessBase"]
[SourceDate "2005.09.26"]
[SourceVersion "1"]
[SourceVersionDate "2005.09.26"]
[SourceQuality "1"]

1. e4 e5 2. Nf3 Nc6 3. Bb5 a6 4. Bxc6 dxc6 5. O-O f6 6. d4 Bg4 ({More peaceful
line is} 6... exd4 7. Nxd4 c5) 7. c3 (7. dxe5 Qxd1 8. Rxd1 fxe5 {is another
version of an endgame.}) 7... Bd6 8. Be3 Ne7 9. h3 {Usually, white does not
hurry with this move and plays 9.Nbd2 first.} (9. Nbd2 O-O 10. Qb3+ Kh8 11. h3
Bh5 12. dxe5 fxe5 13. Ng5 Qc8 14. Qe6 Qe8 15. Ngf3 a5 16. Qb3 a4 17. Qc2 Bf7
$11 {1/2-1/2 Rozentalis,E-Beliavsky,A/Belgrade 1999 (41)}) 9... Be6 10. Nbd2 (
10. dxe5 fxe5 11. Nbd2 Ng6 12. Re1 (12. Ng5 Bg8 13. Qh5 Qf6 14. f4 (14. Rfe1 h6
15. Ngf3 O-O-O 16. Qf5+ Be6 17. Qxf6 gxf6 $11 {1-0 Socko,B-Warakomski,T/Poznan
2005 (60)}) 14... exf4 15. e5 Bxe5 16. Nde4 Qf5 17. g4 Qd7 18. Rad1 Bd5 19. Bf2
Bd6 20. Nxd6+ cxd6 21. Rfe1+ Kf8 22. Rd4 Kg8 23. c4 Bf7 24. Nxf7 Qxf7 25. Rxd6
$44 {0-1 Meijers,V-Berzinsh,R/Latvia 1994 (33)}) 12... h6 13. c4 Qe7 14. Rc1
Bc5 15. Bxc5 Qxc5 16. Nb3 Qe7 17. Na5 Rb8 18. Qd2 O-O 19. Qc3 Qf6 20. Re3 c5
$15 {0-1 O'Donnell,T-Vucic,M/New York 1994 (40)}) 10... Ng6 {This kind of
position is very typical for the Exchange variation in Ruy Lopez. The chances
are about equal, white's superior pawns structure is compensated by the pair
of bishops.} 11. Qe2 Qe7 12. a4 $6 $146 {I don't see any real point in this
advance.} (12. dxe5 fxe5 13. Nc4 h6 14. Rad1 O-O 15. b3 Rf6 16. Nh2 Nh4 17. Kh1
Raf8 18. Qh5 Bxc4 19. bxc4 Ng6 20. Ng4 Re6 21. Bxh6 gxh6 22. Nxh6+ Kh8 23. Nf7+
Kg8 24. Nh6+ Kh8 25. Nf7+ {1/2-1/2 Lechtynsky,J-Augustin,J/Havirov 1971}) 12...
a5 13. c4 $6 {[%csl Rd6][%cal Gc4c5] The main drawback of this move is
weakening of b4 square.} (13. Nc4 $11) 13... Bb4 14. d5 Bf7 15. Ne1 (15. g3 Qd7
{[%csl Rh3]} 16. Kh2 O-O {followed by cxd5 and c7-c6 with a good game for
black.}) 15... Nf4 $1 (15... f5 16. exf5 Nf4 17. Bxf4 exf4 18. Qg4 Bxd2 19. Nf3
{[%csl Rd2][%cal Gf1e1,Ga1e1,Ge1e8]} O-O 20. Nxd2 cxd5 {with approximate
equality.}) 16. Bxf4 exf4 17. dxc6 bxc6 {Black's inferior pawn structure is
fully compensated by the pair of strong bishops. White should look for an
equality.} 18. Nd3 $6 {The threat on the Pf4 appeares to be imaginary.} ({
Safer would have been} 18. Nc2) 18... O-O $1 19. b3 (19. Nxf4 $2 Rad8 20. Nf3
g5 $1 21. Nd3 Bxc4 $17) 19... Bxd2 20. Qxd2 Qxe4 21. Rfe1 (21. Nxf4 Rad8 22.
Qe3 (22. Qc1 $2 {[%tqu "En","How can Black win a piece?","","","g7g5","",5]} g5
$1 $19 {[%csl Rf4]}) 22... Qxe3 23. fxe3 $15) 21... Qd4 22. Rad1 g5 23. Qe2 Qc3
24. Rc1 Qd4 25. Rcd1 {White is ready to repeat the moves, but black can play
for more...} Rae8 26. Qf3 Rxe1+ $2 {This exchange opens the "d" file for
white's rook.} (26... Qc3 $1 27. Qxc6 Qxb3 28. Nc5 Qxc4 29. Rxe8 Rxe8 $17) 27.
Nxe1 Qb2 28. Qxc6 Qxb3 29. Rd7 $36 Qc3 (29... Qxc4 30. Qxf6 Qf1+ 31. Kxf1 (31.
Kh2 $2 Qxe1 32. Qxg5+ Bg6 33. Qd5+ Rf7 $19) 31... Bc4+ 32. Kg1 Rxf6 33. Rxc7
Re6 34. Nf3 Bd5 35. Nxg5 Rg6 36. h4 h6 37. Rc8+ Kg7 38. Rc5 Bc6 39. Nh3 Rxg2+
40. Kf1 Rh2 41. Nxf4 Bxa4 42. Rxa5 $14) 30. Nf3 Rb8 $2 {The decisive mistake.}
({Necessary was} 30... Be8 31. Qe6+ Bf7 32. Qe7 h5 33. Nd2 g4 34. Ne4 Qe1+ 35.
Kh2 g3+ 36. fxg3 fxg3+ 37. Nxg3 Qxe7 38. Rxe7 Rc8 {[%cal Gg8f8] with
defendable endgame.}) 31. Kh2 $1 {Black has no time to invade with the rook
into white's camp, while black's position is now collapsing.} Re8 32. Nd4 {
[%csl Rf6]} Qxc4 33. Qxf6 {[%csl Rg5]} 1-0

[Event "Igualada"]
[Site "Igualada"]
[Date "2005.08.19"]
[Round "3"]
[White "Volokitin, Andrei"]
[Black "Beliavsky, Alexander G"]
[Result "0-1"]
[WhiteElo "2671"]
[BlackElo "2599"]
[Annotator "Postny,E"]
[PlyCount "92"]
[EventDate "2005.08.17"]
[EventType "tourn"]
[EventRounds "6"]
[EventCountry "ESP"]
[EventCategory "16"]
[SourceTitle "CBM 109"]
[Source "ChessBase"]
[SourceDate "2005.11.14"]
[SourceVersion "1"]
[SourceVersionDate "2005.11.14"]
[SourceQuality "1"]

1. e4 e5 2. Nf3 Nc6 3. Bb5 a6 4. Bxc6 dxc6 5. O-O f6 6. d4 Bg4 7. c3 {This
continuation leads to a more complicated game, compared to the alternative 7.
dxe5 which swaps the queens.} Bd6 8. Be3 Ne7 9. Nbd2 O-O 10. Qb3+ Kh8 11. h3 (
11. Qxb7 Be6 $1 {[%csl Rb7]} 12. c4 Rb8 13. Qxa6 Ra8 14. Qb7 Rb8 $11 {is a
known repetition.}) 11... Bh5 12. dxe5 (12. c4 exd4 13. Nxd4 Qd7 14. Rae1 c5
15. Ne2 Nc6 16. f4 Nd4 17. Bxd4 cxd4 18. Nc1 b5 $15 {0-1 Hartoch,R-Lengyel,L/
Bad Pyrmont 1970/EXT 2001 (35)}) 12... fxe5 13. c4 $1 $146 {[%cal Gc4c5] A
very logical novelty, which I guess was prepared at home. White's play is
directed against Black's main weakness, the Pe5.} ({The following game was
probably the base for Volokitin's preparation:} 13. Ng5 Qc8 14. Qe6 Qe8 15.
Ngf3 a5 16. Qb3 a4 17. Qc2 Bf7 18. b4 b6 19. Rab1 Ng6 20. c4 c5 21. bxc5 bxc5
22. Rb5 Qe7 $132 {1/2-1/2 Rozentalis,E-Beliavsky,A/Belgrade 1999/CBM 069 (41)})
13... b6 14. Qc3 {[%csl Re5][%mdl 4]} Bxf3 {Black has to part with his bishops
pair.} (14... Ng6 $2 15. g4 $18 {[%csl Rh5]}) 15. Nxf3 $14 Ng6 16. c5 $1 {
Breaking black's pawns structure.} bxc5 17. Nd2 Qe7 18. Rac1 Rfb8 19. Nb3 $6 ({
Both} 19. Rc2) ({and} 19. b3 {seems to secure white's advantage.}) 19... Nf4
20. Bxf4 exf4 21. Rfe1 c4 $1 {Black needs to distract white's queen from the
3rd rank. This move became possible after white's inaccuracy 19.Nb3.} 22. Qxc4
f3 {The point of Black's previous move. Black is getting counterplay against
the white king.} 23. Nd4 (23. e5 $5 Bxe5 24. Qe4 Qg5 25. Qxf3 Rf8 26. Qg4 Qxg4
27. hxg4 Bxb2 28. Rxc6 $14) 23... fxg2 24. e5 {[%tqu "En","How should Black
continue?","","","e7h4","Black's counterthreats against the white king will
compensate the loss of bishop.",10]} Qh4 $1 {Black's counterthreats against
the white king will compensate the loss of bishop.} 25. exd6 Qxh3 26. f3 cxd6
$2 {It's not clear why Beliavsky didn't capture the Pb2.} (26... Rxb2 27. Re2
Qh1+ 28. Kf2 Qh2 29. Rg1 Qh4+ 30. Kxg2 Rxe2+ 31. Qxe2 Qxd4 32. Rd1 Qf6 33. d7
Rf8 34. Qd3 Rd8 $11) 27. Nb3 $2 {Too passive.} (27. Qxc6 $1 Qh1+ 28. Kf2 Qh4+ (
28... Rxb2+ 29. Re2 Rxe2+ 30. Nxe2 Rf8 31. Rg1 $18) 29. Ke3 $1 {It appears
that white's monarch feels quite comfortable in the middle of the board.} Qg5+
30. Kd3 Qg6+ 31. Qe4 $18) 27... a5 $1 28. Qg4 Qxg4 29. fxg4 {Black has several
pawns against White's knight, but objectively he is fighting for a draw.} a4
30. Nd4 c5 31. Nf5 Rxb2 32. a3 Rb3 33. Re7 $2 {Volokitin steps the wrong track.
White is going for an attack, but he simply does not have enough resources to
create any serious threats against the black king.} (33. Kxg2 Rxa3 34. Nxd6 $14
) 33... Rxa3 34. Nxg7 $2 {Consequently continuing the wrong idea.} (34. Rxg7 $2
Rf3 $1) (34. Kxg2 {was still equal.}) 34... Rg3 $1 {[%csl Ga4] Probably
Volokitin overlooked this strong manoeuvre.} 35. Nh5 Rxg4 36. Nf6 Rg7 {The
rook returned back to the defense just in time.} 37. Rce1 Rf8 38. Re8 Rgf7 $19
{All white's threats are parried.} 39. Rxf8+ Rxf8 40. Nd5 Rf1+ $1 {Of course.
After the exchange of rooks White has no chance to deal with all black's pawns.
} 41. Rxf1 gxf1=Q+ 42. Kxf1 a3 43. Nc3 d5 44. Ke2 d4 45. Na2 h5 46. Kf3 Kg7 0-1

[Event "Sautron op 16th"]
[Site "Sautron"]
[Date "2016.10.22"]
[Round "5.2"]
[White "Stets, Dmitry"]
[Black "Koziak, Vitali"]
[Result "1/2-1/2"]
[WhiteElo "2436"]
[BlackElo "2479"]
[Annotator "RR"]
[PlyCount "51"]
[EventDate "2016.10.22"]
[EventType "swiss"]
[EventRounds "9"]
[EventCountry "FRA"]
[SourceTitle "EXT 2019"]
[Source "ChessBase"]
[SourceDate "2018.10.10"]
[SourceVersion "1"]
[SourceVersionDate "2018.10.10"]
[SourceQuality "1"]
[TimeControl "40/5400+30:1800+30"]
[WhiteClock "0:53:04"]
[BlackClock "0:34:40"]

1. e4 {[%emt 0:00:00]} e5 {[%emt 0:00:00]} 2. Nf3 {[%emt 0:00:00]} Nc6 {
[%emt 0:00:00]} 3. Bb5 {[%emt 0:01:09]} a6 {[%emt 0:00:00]} 4. Bxc6 {[%emt 0:
02:55]} dxc6 {[%emt 0:00:08]} 5. O-O {[%emt 0:00:12]} f6 {[%emt 0:00:19] La
grande ligne de la variante d'échange} 6. d4 {[%emt 0:01:15]} exd4 {[%emt 0:
00:13]} 7. Nxd4 {[%emt 0:00:57]} c5 {[%emt 0:02:37]} 8. Nb3 {[%emt 0:00:59]} (
8. Ne2 {L'alternative} Qxd1 9. Rxd1 Bd7 10. Nbc3 O-O-O 11. Be3 Re8 12. Rd2 Bc6
13. Rad1 b6 14. f3 Ne7 15. Nf4 Ng6 16. Nxg6 hxg6 17. Bf4 g5 $132) 8... Qxd1 {
[%emt 0:01:21]} 9. Rxd1 {[%emt 0:00:11]} Bd6 {[%emt 0:01:03]} 10. Na5 {[%emt 0:
10:01] Après une longue réflexion mais la position reste connue} b5 {[%emt 0:
07:47]} 11. c4 {[%emt 0:02:21]} Ne7 {[%emt 0:13:06]} 12. Be3 {[%emt 0:09:10]} (
12. Nc3 Rb8 13. Be3 Be6 14. Rac1 Kf7 15. b3 Rhd8 16. Nd5 Rd7 17. f4 Rbd8 18.
Nb7 Rb8 19. Nxc5 Bxc5 20. Bxc5 Nxd5 21. cxd5 Bg4 22. Re1 Ke8 23. Bb4 Kd8 24.
Rc6 f5 25. h3 Bh5 26. exf5 Rxd5 27. Ba5 Rb7 28. Rxa6 b4 29. Re4 Rdb5 30. Rd4+
Ke8 31. Re6+ Kf8 32. Rd8+ Kf7 33. Rd7+ Kf8 34. Bxc7 h6 35. Bd6+ Kg8 36. Rxb7
Rxb7 37. Re4 Ra7 38. Rxb4 Rxa2 39. Rb8+ Kh7 40. Rb7 Be8 41. Rc7 Rd2 {Guseinov,
G (2634)-Bachmann,A (2593) Berlin 2015 1-0}) 12... f5 {[%emt 0:09:53]} (12...
Rb8) 13. Nc3 {[%emt 0:04:10]} f4 {[%emt 0:03:38]} 14. e5 {[%emt 0:02:59] Une
idée du spécialiste de la variante d'échange jouée aux olympiades de la
Havane} Bxe5 {[%emt 0:07:29]} (14... fxe3 15. exd6 exf2+ 16. Kxf2 O-O+ 17. Kg1
cxd6 18. Rxd6 {Teterev,V (2507)-Novitzkij,D (2373) BLR-ch Minsk 2006 (11) 1/2})
15. Bxc5 {[%emt 0:00:14]} Bxc3 {[%emt 0:01:57]} 16. bxc3 {[%emt 0:00:10]} Ng6 {
[%emt 0:01:08]} 17. Nc6 {[%emt 0:06:37]} Bd7 $5 $146 {[%emt 0:09:25] Une
nouveauté sugérée dans l'informateur n°2 mais proablement trouvée devant
l'échiquier car les Noirs ont dépensé près de 10 mns} (17... Be6 18. cxb5
axb5 19. Na7 Rb8 20. Rdb1 Kf7 21. Nxb5 Rhd8 22. Rb4 Bxa2 23. Nxc7 Rbc8 24. h4
Rd2 25. Bb6 f3 26. Be3 Re2 27. Nb5 Ra8 28. h5 Ne5 29. Rf4+ Ke7 30. Rd1 Rc8 31.
Re4 Kf6 32. Rd6+ Kf5 33. Rf4+ Kg5 34. Rxf3+ {1-0 (34) Fischer,R-Portisch,L
Havana 1966}) 18. Re1+ {[%emt 0:01:50]} Kf7 {[%emt 0:01:19]} 19. Ne5+ {[%emt 0:
00:14]} Nxe5 {[%emt 0:00:07]} 20. Rxe5 {[%emt 0:00:05]} Rhe8 {[%emt 0:00:30]}
21. Rae1 {[%emt 0:00:29]} Rxe5 {[%emt 0:01:08]} 22. Rxe5 {[%emt 0:00:19]} Re8 {
[%emt 0:02:03]} 23. Rxe8 {[%emt 0:01:54]} Bxe8 {[%emt 0:00:15]} 24. f3 {
[%emt 0:00:41]} bxc4 {[%emt 0:01:51] Avec des B de couleurs opposées, le P
gagné a peu de chances d'être valorisé} 25. Bd4 {[%emt 0:00:20]} g5 {
[%emt 0:00:33]} 26. Be5 {[%emt 0:00:44]} 1/2-1/2

[Event "Sautron op 13th"]
[Site "Sautron"]
[Date "2013.10.28"]
[Round "3"]
[White "Kasparov, Sergey"]
[Black "Migot, Tangi"]
[Result "1-0"]
[WhiteElo "2480"]
[BlackElo "2354"]
[Annotator "RR"]
[PlyCount "99"]
[EventDate "2013.10.26"]
[EventType "swiss"]
[EventRounds "9"]
[EventCountry "FRA"]
[SourceTitle "EXT 2016"]
[Source "ChessBase"]
[SourceDate "2015.10.08"]
[SourceVersion "1"]
[SourceVersionDate "2015.10.08"]
[SourceQuality "1"]
[TimeControl "40/5400+30:1800+30"]
[WhiteClock "1:30:00"]
[BlackClock "1:30:00"]

1. e4 {[%emt 0:00:00]} e5 {[%emt 0:00:00]} 2. Nf3 {[%emt 0:00:00]} Nc6 {
[%emt 0:00:00]} 3. Bb5 {[%emt 0:00:00]} a6 {[%emt 0:00:21]} 4. Bxc6 {[%emt 0:
00:00]} dxc6 {[%emt 0:00:06]} 5. O-O {[%emt 0:00:00]} f6 {[%emt 0:01:27]} 6. d4
{[%emt 0:00:05]} Bg4 {[%emt 0:00:07]} 7. dxe5 {[%emt 0:00:05]} (7. c3) 7...
Qxd1 {[%emt 0:00:29]} 8. Rxd1 {[%emt 0:00:02]} fxe5 {[%emt 0:00:08]} 9. Nbd2 {
[%emt 0:00:05]} O-O-O {[%emt 0:01:57]} 10. Re1 {[%emt 0:00:54]} Bd6 {[%emt 0:
00:25]} 11. h3 {[%emt 0:00:11]} Bh5 {[%emt 0:02:13]} 12. Nh4 {[%emt 0:00:28]}
Ne7 {[%emt 0:05:54]} 13. Nc4 {[%emt 0:02:24]} (13. Ndf3 Rd7 14. g4 Bf7 15. b3
h5 16. Bb2 hxg4 17. hxg4 c5 18. Kg2 Nc6 19. Rh1 Rf8 20. Nf5 g6 21. Nxd6+ cxd6
22. Ng5 d5 23. Nh7 Rfd8 24. Nf6 Rd6 25. Nxd5 Bxd5 26. exd5 Rxd5 27. Rae1 Rd2
28. Bxe5 Nxe5 29. Rxe5 Rxc2 30. Rh7 Rf8 31. Kg3 Rcxf2 32. Rg7 Kb8 33. Kh4 Rxa2
34. Ree7 b5 35. Kg5 Ra3 36. Rb7+ Ka8 37. Ra7+ Kb8 38. Rgb7+ Kc8 39. Re7 Kb8 40.
Rab7+ Ka8 41. Ra7+ Kb8 42. Reb7+ Kc8 {Rause,O (2720)-Piccardo,V (2574) ICCF
corr 2003 1/2-1/2}) 13... h6 {[%emt 0:02:32]} 14. Nf5 {[%emt 0:01:42]} Nxf5 {
[%emt 0:00:23]} 15. exf5 {[%emt 0:00:05]} Rhe8 {[%emt 0:00:32]} 16. Nxd6+ {
[%emt 0:00:56]} cxd6 {[%emt 0:09:25]} 17. f4 {[%emt 0:01:10]} exf4 {[%emt 0:21:
02]} 18. Bxf4 {[%emt 0:00:46]} Kd7 $146 {[%emt 0:03:28] La tentative
d'amélioration sur une partie précédente du GMI} (18... Bf7 19. b3 Bd5 20.
c4 Be4 21. g4 b5 22. Rad1 d5 23. cxd5 Bxd5 24. Kf2 Be4 25. Rd2 Bd5 26. Rde2
Rxe2+ 27. Rxe2 Kd7 28. Be5 Rg8 29. b4 Bc4 30. Re3 g6 31. f6 Re8 32. a3 h5 33.
Kg3 hxg4 34. hxg4 g5 35. Kf2 Bd5 36. Kg3 Bc4 37. Kf3 Ke6 38. Bd6+ Kf7 39. Be7
Rh8 40. Re5 Bd5+ 41. Kg3 Kg6 42. f7 Kxf7 43. Bxg5 Rh1 44. Re7+ Kg6 45. Be3 Ra1
46. Bd4 Rd1 47. Be5 Rg1+ 48. Kh4 {Kasparov,S (2504)-Sangma,R (2358)
Bhubaneswar 2010 1/2-1/2}) 19. g4 $1 {[%emt 0:07:03] Gagne de l'espace et les
Blancs ont des petites chances de gain} Bf7 {[%emt 0:00:30]} 20. Kf2 {[%emt 0:
00:18]} c5 {[%emt 0:09:43]} 21. a3 {[%emt 0:04:17]} (21. Rad1 Kc6 (21... d5 22.
Be5 {[%csl Rg7]})) 21... Rxe1 {[%emt 0:02:31]} 22. Rxe1 {[%emt 0:01:18]} Re8 {
[%emt 0:00:05]} 23. Rd1 {[%emt 0:03:36]} d5 {[%emt 0:00:38] La finale est plus
ou moins égale mais la majorité Blanche de l'aile-roi est peut-être
légèrement plus facile à valoriser} 24. c3 {[%emt 0:01:00]} Kc6 {[%emt 0:05:
01]} 25. Be3 {[%emt 0:15:07]} Bg8 $6 {[%emt 0:02:25]} 26. Kf3 {[%emt 0:03:19]}
b6 {[%emt 0:04:31]} 27. Rg1 $5 {[%emt 0:06:35][%cal Gh3h4,Gg4g5]} Bh7 {[%emt 0:
03:20] un plan passif mais qui empêche la poussée du P"g"} 28. h4 {[%emt 0:
02:31]} a5 {[%emt 0:05:00]} 29. h5 {[%emt 0:02:37][%csl Rg6,Rg7]} a4 {[%emt 0:
05:43]} 30. Rd1 {[%emt 0:05:08]} Bg8 {[%emt 0:04:53]} 31. Bf4 {[%emt 0:01:57]}
Bf7 {[%emt 0:00:32]} 32. Rd3 {[%emt 0:02:27]} Re1 {[%emt 0:05:53]} 33. Re3 $1 {
[%emt 0:02:01] Toutes les finales de B de couleurs opposées ne sont pas nulles
} Rf1+ {[%emt 0:00:27]} (33... Rxe3+ 34. Kxe3 $18 {[%csl Rg7][%cal Gf4e5]}) 34.
Kg3 {[%emt 0:00:02]} Rg1+ {[%emt 0:00:07]} 35. Kh3 {[%emt 0:01:17]} Rf1 $2 {
[%emt 0:00:29]} (35... d4 $142 36. cxd4 cxd4 37. Re7) 36. Be5 $40 {[%emt 0:01:
06]} Bxh5 $2 {[%emt 0:01:45]} 37. gxh5 {[%emt 0:00:23]} Rxf5 {[%emt 0:00:11]}
38. Kh4 {[%emt 0:01:23]} Rg5 {[%emt 0:02:23]} 39. Bg3 {[%emt 0:00:34]} d4 {
[%emt 0:01:09]} 40. cxd4 {[%emt 0:00:00]} cxd4 {[%emt 0:00:00]} 41. Re6+ {
[%emt 0:06:27]} Kd5 {[%emt 0:09:59]} 42. Rxb6 {[%emt 0:01:13]} d3 {[%emt 0:00:
08]} 43. Bf4 {[%emt 0:04:56]} (43. Ra6 Rxg3 $1 (43... d2 44. Rd6+) 44. Kxg3 d2
45. Ra8 Ke4 46. Rd8 Ke3) 43... Rg2 $4 {[%emt 0:02:12]} 44. Kh3 {[%emt 0:04:01]}
Rc2 {[%emt 0:03:02]} 45. Kg3 {[%emt 0:05:42]} Ke4 {[%emt 0:00:14]} 46. Rb4+ {
[%emt 0:03:46]} Kd5 {[%emt 0:03:29]} 47. Rb7 {[%emt 0:01:07]} Ke4 {[%emt 0:00:
33]} 48. Rb4+ {[%emt 0:03:09]} Kd5 {[%emt 0:00:11]} 49. Kf3 {[%emt 0:00:02]} d2
{[%emt 0:00:59]} 50. Ke2 1-0